| 000 | 00779nam a2200217 u 4500 | ||
|---|---|---|---|
| 001 | 82445 | ||
| 003 | BD-RjUL | ||
| 005 | 20231212104808.0 | ||
| 008 | 191104s13321927ir 000 0 per d | ||
| 035 | _a(BD-RjUL)82445 | ||
| 040 |
_aNNL _bara _cBD-RjUL |
||
| 041 | _aper | ||
| 082 |
_223 _a891.551 _bSAB 19 |
||
| 100 | 0 |
_aسعدى شيرازي، عبد الله بن مشرف بن مصلح، _dتوفي 1293 _910469 |
|
| 245 | 1 | 0 |
_aبوستان ;; Bustan / _c[سعدي شيرازي، عبد الله بن مشرف بن مصلح، ;; Saadi Shirazi, Abdullah bin Musharraf bin Musleh, |
| 260 |
_aالهند : _bدار مطبع نامي كرامي،, بمباي، , _c1927 |
||
| 300 |
_a448 ص. _c23 |
||
| 500 | _aطبع حجر. | ||
| 650 | 4 | _aPersian poetry | |
| 942 |
_2ddc _cBK |
||
| 999 |
_c82445 _d82445 |
||